<?xml version="1.0" encoding="UTF-8"?>
<record
    xmlns:xsi="http://www.w3.org/2001/XMLSchema-instance"
    xsi:schemaLocation="http://www.loc.gov/MARC21/slim http://www.loc.gov/standards/marcxml/schema/MARC21slim.xsd"
    xmlns="http://www.loc.gov/MARC21/slim">

  <leader>01193nam a2200229   4500</leader>
  <controlfield tag="005">20231102151937.0</controlfield>
  <controlfield tag="008">160608s2000    mx ao         000 0 spa d</controlfield>
  <datafield tag="020" ind1=" " ind2=" ">
    <subfield code="a">968183819X</subfield>
  </datafield>
  <datafield tag="050" ind1=" " ind2=" ">
    <subfield code="a">HV8073</subfield>
    <subfield code="b">M66 2000</subfield>
  </datafield>
  <datafield tag="100" ind1="1" ind2="4">
    <subfield code="a">Montiel Sosa, Juventino</subfield>
    <subfield code="e">autor</subfield>
  </datafield>
  <datafield tag="245" ind1=" " ind2=" ">
    <subfield code="a">Criminal&#xED;stica</subfield>
    <subfield code="c"> / Juventino Montiel Sosa</subfield>
  </datafield>
  <datafield tag="260" ind1=" " ind2=" ">
    <subfield code="a">M&#xE9;xico</subfield>
    <subfield code="b"> : Limusa</subfield>
    <subfield code="c">, 2000</subfield>
  </datafield>
  <datafield tag="300" ind1=" " ind2=" ">
    <subfield code="a">237 p&#xE1;ginas</subfield>
    <subfield code="b"> : ilustraciones, fotograf&#xED;as</subfield>
  </datafield>
  <datafield tag="336" ind1=" " ind2=" ">
    <subfield code="a">texto</subfield>
  </datafield>
  <datafield tag="337" ind1=" " ind2=" ">
    <subfield code="a">sin medio</subfield>
  </datafield>
  <datafield tag="338" ind1=" " ind2=" ">
    <subfield code="a">volumen</subfield>
  </datafield>
  <datafield tag="504" ind1=" " ind2=" ">
    <subfield code="a">Incluye: bibliograf&#xED;a (pp. 235-236)</subfield>
  </datafield>
  <datafield tag="505" ind1=" " ind2=" ">
    <subfield code="a">El m&#xE9;todo cient&#xED;fico y la criminal&#xED;stica
Relaci&#xF3;n cient&#xED;fica de la criminal&#xED;stica general
El cronotanatodiagn&#xF3;stico
Conceptos metodol&#xF3;gicos para la investigaci&#xF3;n de muertes violentas producidas por arma blanca y otros instrumentos
Metodolog&#xED;a para la investigaci&#xF3;n criminal&#xED;stica de muertes violentas por ahorcamiento
Metodolog&#xED;a para la investigaci&#xF3;n criminal&#xED;stica de muertes violentas por estrangulaci&#xF3;n
Conceptos metodol&#xF3;gicos para la investigaci&#xF3;n criminal&#xED;stica de muertes violentas por sofocaci&#xF3;n
Dactoscopia</subfield>
  </datafield>
  <datafield tag="519" ind1=" " ind2=" ">
    <subfield code="a">Material Complementario / </subfield>
    <subfield code="d">(03 000622)</subfield>
  </datafield>
  <datafield tag="650" ind1="1" ind2="4">
    <subfield code="a">CRIMINAL&#xCD;STICA</subfield>
  </datafield>
  <datafield tag="942" ind1=" " ind2=" ">
    <subfield code="c">LB</subfield>
  </datafield>
  <datafield tag="952" ind1=" " ind2=" ">
    <subfield code="0">0</subfield>
    <subfield code="1">0</subfield>
    <subfield code="2">lcc</subfield>
    <subfield code="3">v.2</subfield>
    <subfield code="4">0</subfield>
    <subfield code="7">0</subfield>
    <subfield code="a">03</subfield>
    <subfield code="b">03</subfield>
    <subfield code="d">2016-06-08</subfield>
    <subfield code="l">0</subfield>
    <subfield code="o">HV8073 M66 2000</subfield>
    <subfield code="p">03 000622</subfield>
    <subfield code="r">2016-06-08</subfield>
    <subfield code="t">1</subfield>
    <subfield code="w">2016-06-08</subfield>
    <subfield code="y">LB</subfield>
  </datafield>
  <datafield tag="999" ind1=" " ind2=" ">
    <subfield code="c">100021</subfield>
    <subfield code="d">100021</subfield>
  </datafield>
</record>
